| 000 | 01300cam a2200385 i 4500 | ||
|---|---|---|---|
| 001 | 200463715 | ||
| 003 | TR-AnTOB | ||
| 005 | 20250128135013.0 | ||
| 007 | ta | ||
| 008 | 250128s2021 tu a b 001 0 tur | ||
| 010 | _a 2022357888 | ||
| 020 |
_a9786257779982 _q(paperback) |
||
| 035 | _a(TR-AnTOB)200463715 | ||
| 040 |
_aDLC _beng _erda _cDLC _dTR-AnTOB |
||
| 041 | 0 | _atur | |
| 043 | _aa-tu--- | ||
| 050 | 0 | 4 |
_aBP43.T8 _bA9372 2021 |
| 090 |
_aBP43.T8 _bA9372 2021 |
||
| 100 | 1 |
_aAyar, Talip _eauthor _9147728 |
|
| 245 | 1 | 0 |
_aSon dönem osmanlı medreselerinde ders vekâleti ve meclis-i mesâlih-i talebe / _cTalip Ayar. |
| 246 | 1 | 0 | _aDers vekâleti ve meclis-i mesâlih-i talebe |
| 250 | _a2. baskı. | ||
| 264 | 1 |
_aAnkara : _bT.C. Cumhurbaşkanlığı Diyanet İşleri Başkanlığı, _c2021. |
|
| 300 |
_a278 pages : _billustrations ; _c21 cm |
||
| 336 |
_atext _btxt _2rdacontent |
||
| 337 |
_aunmediated _bn _2rdamedia |
||
| 338 |
_avolume _bnc _2rdacarrier |
||
| 490 | 0 |
_aİlmi Eserler ; _v264 |
|
| 500 | _a"genel yayın no: 1935" Page facing title page. | ||
| 504 | _aBIBINDX | ||
| 650 | 7 |
_aİslami eğitim _zTürkiye _xTarih _2etuturkob _926415 |
|
| 710 | 2 |
_aTürkiye. _bDiyanet İşleri Başkanlığı _eissuing body _9141487 |
|
| 942 |
_2lcc _cBK |
||
| 999 |
_c200463715 _d81927 |
||